Современное состояние учения о прогрессивном параличе / (Record no. 485120)
[ view plain ]
| 000 -LEADER | |
|---|---|
| fixed length control field | 00831nam a2200193 a 4500 |
| 001 - CONTROL NUMBER | |
| control field | 000818711 |
| 003 - CONTROL NUMBER IDENTIFIER | |
| control field | AM-YeHGA |
| 005 - DATE AND TIME OF LATEST TRANSACTION | |
| control field | 20250617162221.0 |
| 008 - FIXED-LENGTH DATA ELEMENTS--GENERAL INFORMATION | |
| fixed length control field | 110622s1900 ||||||||r|||||000|0|rus|d |
| 040 ## - CATALOGING SOURCE | |
| Original cataloging agency | AM-YeHGA |
| 041 0# - LANGUAGE CODE | |
| Language code of text/sound track or separate title | rus |
| 090 ## - LOCALLY ASSIGNED LC-TYPE CALL NUMBER (OCLC); LOCAL CALL NUMBER (RLIN) | |
| -- | 488489 |
| 100 1# - MAIN ENTRY--PERSONAL NAME | |
| Personal name | Орбели, Д.И. |
| 245 10 - TITLE STATEMENT | |
| Title | Современное состояние учения о прогрессивном параличе / |
| Statement of responsibility, etc. | Д.І. Орбели. |
| 246 13 - VARYING FORM OF TITLE | |
| Title proper/short title | Современное состояніе ученія о прогрессивномъ параличѣ |
| 260 ## - PUBLICATION, DISTRIBUTION, ETC. | |
| Place of publication, distribution, etc. | С.-Петербургъ : |
| Name of publisher, distributor, etc. | Изданіе "Русскаго Медицинскаго Вѣстника", |
| Date of publication, distribution, etc. | 1900. |
| 300 ## - PHYSICAL DESCRIPTION | |
| Extent | 126 с. ; |
| Dimensions | 18 см. |
| 650 14 - SUBJECT ADDED ENTRY--TOPICAL TERM | |
| Topical term or geographic name entry element | Паралич прогрессивный |
| General subdivision | Этиология |
| -- | Диагностика |
| -- | Терапия |
| Withdrawn status | Lost status | Source of classification or shelving scheme | Damaged status | Not for loan | Collection | Home library | Current library | Date acquired | Total checkouts | Full call number | Barcode | Date last seen | Price effective from | Koha item type | Public note |
|---|---|---|---|---|---|---|---|---|---|---|---|---|---|---|---|
| Universal Decimal Classification | General | Fundamental Scientific Library | Fundamental Scientific Library | 31/01/2019 | РД II/35798 | FL0546905 | 31/01/2019 | 31/01/2019 | Գրքեր / Books | 30 Days Loan |
ՀՀ Գիտությունների ազգային ակադեմիայի հիմնարար գիտական գրադարան = Fundamental Scientific Library of NAS RA
All site content, except where otherwise noted, is licensed under a